Online
Catalog
Normal view MARC view

Entry Nombre personal

Number of records used in: 14

001 - NÚMERO DE CONTROL

  • campo de control: 13022

003 - IDENTIFICADOR DEL NÚMERO DE CONTROL

  • campo de control: BNPHU

005 - FECHA Y HORA DE LA ÚLTIMA TRANSACCIÓN

  • campo de control: 20240305135508.0

008 - DATOS DE LONGITUD FIJA

  • campo de control de longitud fija: 200615|| aca||aabn | a|a d

040 ## - FUENTE DE LA CATALOGACIÓN

  • Centro catalogador/agencia de origen: DO-SdBNP
  • Lengua de catalogación: spa
  • Centro/agencia transcriptor: BNPHU
  • Normas de descripción: rda

100 1# - ENCABEZAMIENTO-NOMBRE DE PERSONA

  • Nombre de persona: Follett, Ken,
  • Fechas asociadas al nombre: 1949-

370 ## - LUGAR ASOCIADO

  • Lugar de nacimiento: Cardiff, Reino Unido

374 ## - OCUPACIÓN

  • Ocupación: Novelista

375 ## - GÉNERO/SEXO

  • Género/Sexo: Masculino

377 ## - LENGUA/LENGUAJE ASOCIADO

  • Código del idioma: eng

400 1# - TRAZADO DE VÉASE--NOMBRE DE PERSONA

  • Nombre de persona: Follett, Kenneth Martin

670 ## - FUENTE DE DATOS ENCONTRADOS

  • Cita de la fuente: Work cat.: (OSt)4243: Follett, Ken., Triple /, 1981.

670 ## - FUENTE DE DATOS ENCONTRADOS

  • Cita de la fuente: Eye of the needle, c1978

670 ## - FUENTE DE DATOS ENCONTRADOS

  • Cita de la fuente: Maurice, R. L. The heist of the century, 1978

Powered by Koha